| 000 | 00400nam a22001697a 4500 | ||
|---|---|---|---|
| 005 | 20160625170115.0 | ||
| 008 | 160625b xxu||||| |||| 00| 0 eng d | ||
| 020 | _a978-81-7522-561-9 | ||
| 041 | _aeng | ||
| 082 | _b10249 | ||
| 100 |
_aThakur, Ravindra Nath _92826 |
||
| 245 | _aBisarjan (Bangla) | ||
| 260 | _bVishwabharti Shantiniketan | ||
| 300 | _a128 | ||
| 650 |
_aBangla _92816 |
||
| 942 | _cBK | ||
| 999 |
_c4088 _d4087 |
||